[Event "AUTO-ADV-3979"]
[Site "http://www.queenalice.com/game.php?id=1536929"]
[Date "2018.7.31"]
[Round "3"]
[White "Lan_bispo"]
[Black "Santista38"]
[Result "1-0"]
[WhiteElo "1922"]
[BlackElo "2018"]

1. e4 e5 2. Nf3 d6 3. Bc4 Bg4 4. d3 Bxf3 5. Qxf3 Qf6 6. Nd2 Be7 7. Qxf6 Nxf6 8.
Nf3 O-O 9. O-O Nc6 10. a3 Nd4 11. Nxd4 exd4 12. h3 a6 13. f4 Nd7 14. g4 b5 15.
Bd5 Rab8 16. Bd2 c5 17. b4 Nf6 18. Ba2 Nd7 19. g5 Kh8 20. c3 dxc3 21. Bxc3 cxb4
22. axb4 Nb6 23. Bb3 f6 24. gxf6 Bxf6 25. Bxf6 Rxf6 26. Rxa6 Nd7 27. Kh2 Rb6 28.
Rxb6 Nxb6 29. f5 g6 30. Kg3 gxf5 31. Rxf5 Rxf5 32. exf5 Kg7 33. Kf4 Kf6 34. h4
Nd7 35. d4 Nb6 36. Kg4 Nc4 37. Bxc4 bxc4 38. Kf3 c3 39. Ke2 Kxf5 40. b5 Ke6 41.
Kd3 c2 42. Kxc2 Kd7 43. Kc3 Kc7 44. Kc4 Kb6 45. Kd5 Kc7 46. b6+ Kxb6 47. Kxd6
Kb7 48. d5 Kc8 49. Ke7 h5 50. d6 Kb7 51. d7 Kc6 52. d8=Q Kb5 53. Qd4 1-0

[Event "AUTO-ADV-3979"]
[Site "http://www.queenalice.com/game.php?id=1536930"]
[Date "2018.7.31"]
[Round "3"]
[White "Santista38"]
[Black "Lan_bispo"]
[Result "1-0"]
[WhiteElo "2055"]
[BlackElo "1926"]

1. d4 Nf6 2. Bf4 g6 3. Nc3 Bg7 4. Nf3 O-O 5. e3 d6 6. Be2 Nbd7 7. O-O Nh5 8. Bg3
Nxg3 9. fxg3 e5 10. dxe5 Nxe5 11. Nxe5 Bxe5 12. Qd3 a6 13. Bf3 Bf5 14. Be4 Bxe4
15. Qxe4 Bxc3 16. bxc3 c6 17. Rad1 d5 18. Qb4 Qc7 19. c4 dxc4 20. Qxc4 Rae8 21.
Qf4 Qb6 22. Qd4 Qa5 23. a4 Rd8 24. Qc4 Qb6 25. Rd4 Rxd4 26. exd4 Qd8 27. Rd1 b5
28. Qxc6 Qa5 29. axb5 axb5 30. Rb1 b4 31. Qc5 Qxc5 32. dxc5 Rc8 33. Rxb4 Rxc5
34. c4 Kf8 35. Kf2 Ke7 36. Ke3 Kd6 37. Kd4 h5 38. Rb6+ Rc6 39. Rxc6+ Kxc6 40. c5
g5 41. Ke5 Kxc5 42. Kf6 Kd4 43. Kxg5 Ke3 44. Kxh5 Kf2 45. Kg4 Kxg2 46. h4 1-0

[Event "AUTO-INT-3315"]
[Site "http://www.queenalice.com/game.php?id=1543632"]
[Date "2018.9.25"]
[Round "2"]
[White "juim"]
[Black "Lan_bispo"]
[Result "0-1"]
[WhiteElo "1573"]
[BlackElo "1995"]

1. e4 c5 2. Bc4 Nc6 3. d3 Nf6 4. Ne2 g6 5. O-O Bg7 6. Bg5 O-O 7. Nbc3 d6 8. e5
Nxe5 9. d4 Nxc4 10. b3 Nb6 11. dxc5 dxc5 12. Nf4 Nfd5 13. Nfxd5 Nxd5 14. Nxd5
Bxa1 15. Nxe7+ Kg7 16. Nf5+ Bxf5 17. Bxd8 Bd4 18. Bg5 Rfe8 19. Qd2 Rac8 20. c3
Be5 21. g3 Kg8 22. c4 h5 23. Qd5 Bd4 24. Qxb7 Bh3 25. Rd1 Re2 26. Qf3 Bg4 27.
Qg2 Rxf2 28. Kh1 Bxd1 29. Qb7 Re8 30. Be7 Rxe7 31. Qc8+ Kg7 32. Kg1 Re1# 0-1

[Event "AUTO-INT-3315"]
[Site "http://www.queenalice.com/game.php?id=1543633"]
[Date "2018.9.25"]
[Round "2"]
[White "Lan_bispo"]
[Black "juim"]
[Result "1-0"]
[WhiteElo "1993"]
[BlackElo "1575"]

1. e4 d5 2. exd5 Qxd5 3. Nc3 Qd8 4. Nf3 Bg4 5. h3 Bh5 6. d4 Nc6 7. Bb5 Qd7 8. d5
O-O-O 9. dxc6 Qxd1+ 10. Nxd1 Bxf3 11. gxf3 a6 12. cxb7+ Kxb7 13. Bd3 e6 14. Nc3
Bb4 15. Bd2 Nf6 16. a3 Bc5 17. Rg1 g6 18. Ne2 Nd5 19. c4 Nf6 20. Bc2 Rd7 21. b4
Bxf2+ 22. Kxf2 Rxd2 23. Rac1 Rhd8 24. Rgd1 Nh5 25. Rxd2 Rxd2 26. Ke3 Rd6 27. c5
Rd8 28. Be4+ c6 29. Nd4 e5 30. Nxc6 Re8 31. Nxe5+ Kc8 32. Nxf7 Ng3 33. Nd6+ 1-0

[Event "AUTO-INT-3315"]
[Site "http://www.queenalice.com/game.php?id=1543636"]
[Date "2018.9.25"]
[Round "2"]
[White "Nelsonbento"]
[Black "Lan_bispo"]
[Result "0-1"]
[WhiteElo "1600"]
[BlackElo "1917"]

1. e4 c5 2. h4 d6 3. Bc4 Nf6 4. Qf3 Nc6 5. Bd5 Nd4 6. Qc3 g6 7. f3 Bg7 8. Qc4
Nxd5 9. exd5 b5 10. Qf1 Nxc2+ 11. Kd1 Nxa1 12. Qxb5+ Bd7 13. Qc4 Qa5 14. a3 Qa4+
15. Qxa4 Bxa4+ 16. Ke1 Nb3 17. Ne2 Nxc1 18. Nxc1 Bxb2 19. Nd3 Bd4 20. g4 Rb8 21.
Ke2 Bc2 22. Nc3 Bxc3 23. dxc3 Bxd3+ 24. Kxd3 Rb3 25. Ra1 a5 26. a4 Kd7 27. f4
Rhb8 28. g5 Rb2 29. f5 Rh2 30. fxg6 fxg6 31. Ke4 Rxh4+ 32. Kf3 Rc4 33. Rh1 Rh8
34. Ke3 Rxc3+ 35. Kf4 Rc4+ 36. Ke3 Rxa4 37. Rf1 Rd4 38. Rb1 Rb4 39. Ra1 a4 40.
Kd3 h5 41. Kc3 h4 42. Rf1 h3 43. Rf7 Rg8 44. Rh7 Ke8 45. Rxh3 Rb3+ 46. Kc4 Rxh3
47. Kb5 a3 48. Kc6 a2 49. Kc7 a1=Q 50. Kc8 Rb3 51. Kc7 Qa7+ 52. Kc8 Kf7# 0-1

[Event "AUTO-INT-3315"]
[Site "http://www.queenalice.com/game.php?id=1543637"]
[Date "2018.9.25"]
[Round "2"]
[White "Lan_bispo"]
[Black "Nelsonbento"]
[Result "1-0"]
[WhiteElo "1913"]
[BlackElo "1604"]

1. e4 e5 2. Nf3 Bd6 3. Bc4 Qf6 4. d3 a6 5. O-O b5 6. Bb3 h6 7. Nc3 Ne7 8. Ne2
Nbc6 9. Ng3 g6 10. c3 Bb7 11. Be3 O-O-O 12. a4 b4 13. cxb4 Nxb4 14. Ne2 g5 15.
Bc4 Nec6 16. Nc3 g4 17. Nd2 Qg6 18. Nd5 Nxd5 19. Bxd5 h5 20. Nc4 h4 21. Nxd6+
cxd6 22. Rc1 Rdg8 23. b4 g3 24. fxg3 hxg3 25. h3 Rxh3 26. gxh3 g2 27. Rxf7 Qg3
28. Rf3 Qg6 29. Bxg8 Qxg8 30. b5 axb5 31. axb5 Kd8 32. bxc6 dxc6 33. Qd2 Kd7 34.
Qxg2 Qh7 35. Rb1 Ba6 36. Qg4+ Ke7 37. Bg5+ Ke8 38. Rb8+ Bc8 39. Rxc8# 1-0

[Event "AUTO-INT-3315"]
[Site "http://www.queenalice.com/game.php?id=1543638"]
[Date "2018.9.25"]
[Round "2"]
[White "Jomaley"]
[Black "Lan_bispo"]
[Result "0-1"]
[WhiteElo "1447"]
[BlackElo "1920"]

1. e4 c5 2. c4 Nc6 3. a3 g6 4. d3 Bg7 5. g3 d6 6. Be2 Nf6 7. f3 O-O 8. Bg5 Qc7
9. Qd2 Nd4 10. Bxf6 Bxf6 11. f4 Nb3 12. Qd1 Nxa1 13. Nc3 b5 14. Nxb5 Qa5+ 15.
Nc3 Bxc3+ 16. bxc3 Qxc3+ 17. Kf1 Nc2 18. Kf2 Qd4+ 19. Kg2 Ne3+ 0-1

[Event "AUTO-INT-3315"]
[Site "http://www.queenalice.com/game.php?id=1543639"]
[Date "2018.9.25"]
[Round "2"]
[White "Lan_bispo"]
[Black "Jomaley"]
[Result "1-0"]
[WhiteElo "1942"]
[BlackElo "1444"]

1. e4 e5 2. Nf3 Qf6 3. Bc4 Bc5 4. d3 Bb4+ 5. c3 Bc5 6. Bg5 Qd6 7. Qb3 Qg6 8.
Nxe5 Qxg5 9. Nxf7 Bxf2+ 10. Kxf2 Qf4+ 11. Ke2 Nh6 12. Nxh8 Qg4+ 13. Kf1 d6 14.
Bf7+ Nxf7 15. Qxf7+ Kd8 16. Nd2 Be6 17. Qf8+ Kd7 18. h3 Qg5 19. Nf3 Qd8 20.
Qxg7+ Kc6 21. Nd4+ Kb6 22. Nxe6 Qc8 23. Qd4+ Kc6 24. Qd5+ Kd7 25. Nc5+ Ke8 26.
Qf7+ Kd8 27. Qf8# 1-0

[Event "Let's Play Chess!"]
[Site "http://www.queenalice.com/game.php?id=1546759"]
[Date "2018.10.24"]
[Round "-"]
[White "Lan_bispo"]
[Black "charles31"]
[Result "1-0"]
[WhiteElo "1997"]
[BlackElo "1626"]

1. e4 e5 2. Nf3 d6 3. Nc3 a6 4. d4 exd4 5. Nxd4 h6 6. Bc4 Nf6 7. O-O Bd7 8. Re1
Nc6 9. Nxc6 Bxc6 10. Nd5 Be7 11. e5 Nxd5 12. Bxd5 Bxd5 13. Qxd5 c6 14. Qd4 d5
15. e6 fxe6 16. Rxe6 b6 17. Rxc6 Bc5 18. Qxg7 Rf8 19. Re6+ Be7 20. Qg6+ Kd7 21.
Rxb6 Qc7 22. Qe6+ Ke8 23. Bxh6 Rf6 24. Qg8+ Kd7 25. Qg4+ Ke8 26. Rxf6 Bxf6 27.
Qg8+ Kd7 28. Qxd5+ 1-0

[Event "AUTO-ADV-4084"]
[Site "http://www.queenalice.com/game.php?id=1547038"]
[Date "2018.10.25"]
[Round "1"]
[White "ismaelfln"]
[Black "Lan_bispo"]
[Result "0-1"]
[WhiteElo "1619"]
[BlackElo "2001"]

1. e4 c5 2. Bc4 d6 3. Nf3 Nc6 4. Bb5 a6 5. Bxc6+ bxc6 6. O-O g6 7. d3 Bg7 8. c3
Nf6 9. Bg5 h6 10. Bxf6 Bxf6 11. Nbd2 O-O 12. d4 cxd4 13. cxd4 Qb6 14. Nb3 Bg4
15. h3 Bxf3 16. Qxf3 Bxd4 17. Rab1 Be5 18. g3 f5 19. exf5 Rxf5 20. Qe3 Qxe3 21.
fxe3 Bxg3 22. Rxf5 gxf5 23. Nd4 c5 24. Nxf5 Be5 25. Nxe7+ Kf7 26. Nf5 h5 27. Rf1
Rg8+ 28. Kh1 Ke6 29. Nh6 Rg6 30. Nf7 Bxb2 31. Nd8+ Kd7 32. Nf7 Ke7 33. Kh2 Rf6
34. Rxf6 Kxf6 35. Nxd6 Be5+ 36. Kg2 Bxd6 37. Kf3 Ke5 38. Kg3 Ke4+ 39. Kh4 c4 0-1

[Event "AUTO-ADV-4084"]
[Site "http://www.queenalice.com/game.php?id=1547039"]
[Date "2018.10.25"]
[Round "1"]
[White "Lan_bispo"]
[Black "ismaelfln"]
[Result "1-0"]
[WhiteElo "1999"]
[BlackElo "1629"]

1. e4 e5 2. Nf3 Nc6 3. Bb5 Nd4 4. Nxd4 exd4 5. c3 dxc3 6. bxc3 Bc5 7. d4 Bd6 8.
Nd2 c6 9. Bc4 c5 10. O-O cxd4 11. cxd4 Bb4 12. Bxf7+ Kxf7 13. Qb3+ Ke8 14. Qxb4
Ne7 15. Nc4 a5 16. Nd6+ Kf8 17. Qc4 Nd5 18. Qxd5 Qe7 19. Ba3 Qe6 20. Nxc8+ Kf7
21. Nd6+ Kg6 22. Qxe6+ dxe6 23. Nxb7 Ra7 24. Nc5 Re8 25. Rab1 e5 26. Rb6+ Kg5
27. d5 h5 28. Ne6+ Kh4 29. f3 Rc8 30. Bc5 g6 31. Bf2# 1-0

[Event "AUTO-ADV-4084"]
[Site "http://www.queenalice.com/game.php?id=1547056"]
[Date "2018.10.25"]
[Round "1"]
[White "Lan_bispo"]
[Black "Erlofabr"]
[Result "1-0"]
[WhiteElo "1974"]
[BlackElo "1827"]

1. e4 c5 2. Nf3 d6 3. d4 Na6 4. Bb5+ Bd7 5. Bxd7+ Qxd7 6. c3 Nf6 7. Nbd2 Qg4 8.
O-O h5 9. h3 Qe6 10. d5 Qd7 11. Qc2 Rc8 12. Nc4 Rh6 13. Bxh6 gxh6 14. a3 e6 15.
dxe6 Qxe6 16. e5 dxe5 17. Ncxe5 Bd6 18. Rfe1 Kf8 19. Ng6+ fxg6 20. Rxe6 Kf7 21.
Rxd6 c4 22. Re1 Nc5 23. Ne5+ Ke7 24. Nxc4+ Nce4 25. Rxe4+ Nxe4 26. Qxe4+ Kf8 27.
Rf6+ Kg8 28. Qxg6+ Kh8 29. Rf7 1-0

[Event "AUTO-ADV-4084"]
[Site "http://www.queenalice.com/game.php?id=1547057"]
[Date "2018.10.25"]
[Round "1"]
[White "Erlofabr"]
[Black "Lan_bispo"]
[Result "0-1"]
[WhiteElo "1817"]
[BlackElo "1984"]

1. b3 Nf6 2. d3 g6 3. Nc3 Bg7 4. e4 d6 5. h3 O-O 6. Nf3 Nxe4 7. Bd2 Nxc3 8. Qc1
Nb5 9. Rb1 Nc3 10. Bxc3 Bxc3+ 11. Kd1 Nc6 12. Qh6 Bg7 13. Qh4 Ne5 14. Ng5 h6 15.
Ne4 c5 16. g4 Qa5 17. a4 Nf3 18. Bg2 Nxh4 19. Bf1 d5 20. Nd2 Bc3 21. b4 Bxb4 22.
Nb3 Qxa4 23. Ra1 Qb5 24. d4 c4 25. Be2 Re8 26. Rg1 e5 27. dxe5 Rxe5 28. Nd4 Qc5
29. Nf3 Nxf3 30. Bxf3 Qd4+ 31. Kc1 Qxa1# 0-1

[Event "AUTO-ADV-4084"]
[Site "http://www.queenalice.com/game.php?id=1573811"]
[Date "2019.6.9"]
[Round "2"]
[White "josebaron"]
[Black "Lan_bispo"]
[Result "1/2-1/2"]
[WhiteElo "2097"]
[BlackElo "2013"]

1. e4 c5 2. Bc4 d6 3. h3 Nc6 4. Nf3 Nf6 5. Nc3 g6 6. Ng5 e6 7. Nf3 a6 8. a4 Bg7
9. O-O O-O 10. d3 d5 11. exd5 Nxd5 12. Nxd5 exd5 13. Bb3 Na5 14. c3 Nxb3 15.
Qxb3 b6 16. Re1 Be6 17. Qd1 Qc7 18. d4 cxd4 19. Nxd4 Bc8 20. Bg5 Bb7 21. Re7 Qc8
22. Qb3 Re8 23. Rxe8+ Qxe8 24. Qxb6 Qd7 25. a5 Re8 26. Be3 h5 27. b4 Be5 28. Re1
Bc7 29. Qc5 Rc8 30. Kh1 Bd8 31. Qa7 Ra8 32. Qc5 Rc8 33. Qa7 1/2-1/2

[Event "AUTO-ADV-4084"]
[Site "http://www.queenalice.com/game.php?id=1573812"]
[Date "2019.6.9"]
[Round "2"]
[White "Lan_bispo"]
[Black "josebaron"]
[Result "1-0"]
[WhiteElo "2016"]
[BlackElo "2078"]

1. e4 e5 2. Nf3 Nc6 3. Bb5 d6 4. d4 exd4 5. Nxd4 Bd7 6. c3 Nf6 7. O-O Be7 8.
Nxc6 Bxc6 9. Bxc6+ bxc6 10. Re1 O-O 11. Bg5 h6 12. Bh4 Re8 13. Nd2 Nh7 14. Bxe7
Rxe7 15. Qa4 c5 16. Nf3 a5 17. e5 Nf8 18. Rad1 Ne6 19. exd6 cxd6 20. Qc6 Rd7 21.
Ne5 Rc7 22. Qxd6 Qxd6 23. Rxd6 Rb8 24. Nc4 a4 25. Ra6 Rbb7 26. Rxa4 Ra7 27. Rxa7
Rxa7 28. a3 Rb7 29. a4 g5 30. g3 Kg7 31. a5 h5 32. Rd1 Kf6 33. Kg2 g4 34. h4
gxh3+ 35. Kxh3 Kg6 36. Rd6 Kg5 37. a6 Ra7 38. Rb6 Nd8 39. b4 1-0

[Event "AUTO-ADV-4084"]
[Site "http://www.queenalice.com/game.php?id=1573815"]
[Date "2019.6.9"]
[Round "2"]
[White "Lan_bispo"]
[Black "fabricioprado"]
[Result "1-0"]
[WhiteElo "2008"]
[BlackElo "1723"]

1. e4 e5 2. Nf3 Nc6 3. Bb5 d6 4. d4 Bd7 5. Bxc6 Bxc6 6. dxe5 dxe5 7. Qxd8+ Rxd8
8. Nfd2 Nf6 9. O-O Bc5 10. Nc3 O-O 11. Nf3 Rfe8 12. Bg5 Rd6 13. Rae1 a6 14. Bxf6
Rxf6 15. Rd1 h6 16. Nd5 Bxd5 17. Rxd5 Bd6 18. Nh4 c6 19. Rd3 Bc7 20. Nf5 Kh7 21.
Rd7 Rc8 22. Ne7 Bd6 23. Nxc8 Bc5 24. Rxb7 Bd4 25. c3 Bc5 26. b4 Bf8 27. Nb6 g5
28. Nd7 1-0

[Event "AUTO-ADV-4084"]
[Site "http://www.queenalice.com/game.php?id=1573816"]
[Date "2019.6.9"]
[Round "2"]
[White "fabricioprado"]
[Black "Lan_bispo"]
[Result "0-1"]
[WhiteElo "1728"]
[BlackElo "2003"]

1. e4 c5 2. Nf3 d6 3. Bc4 Nc6 4. a3 Nf6 5. Nc3 a6 6. O-O b5 7. Ba2 g6 8. d4 c4
9. Bg5 Bg7 10. d5 Nb8 11. Re1 h6 12. Bxf6 Bxf6 13. e5 dxe5 14. Nxe5 Qd6 15. Nf3
Bxc3 16. bxc3 Bg4 17. Re3 O-O 18. a4 Nd7 19. h3 Bxf3 20. Rxf3 Nf6 21. Qd2 Nxd5
22. axb5 axb5 23. Qe1 Ra3 24. g3 Rfa8 25. Qb1 Nxc3 26. Qxb5 Nxb5 0-1